Online Catalogue and eLibrary

Women against slavery. (Record no. 610)

MARC details
000 -LEADER
fixed length control field 00453cam a2200181u 4500
001 - CONTROL NUMBER
control field 8866621
005 - DATE AND TIME OF LATEST TRANSACTION
control field 20240325071124.0
008 - FIXED-LENGTH DATA ELEMENTS--GENERAL INFORMATION
fixed length control field 830613s1955 nyua 000 0ceng
040 ## - CATALOGING SOURCE (பட்டியலாக்க மூலம்)
Original cataloging agency DLC
Transcribing agency CarP
Modifying agency DLC
082 ## - DDC Classification
DDC Edition Number 22
Class No. 324.6.
Item Number - Author Mark WOM.
100 1# - MAIN ENTRY--PERSONAL NAME
Personal name Sillen, Samuel.
245 10 - TITLE STATEMENT
Title Women against slavery.
Statement of responsibility, etc. Samuel sillen.
260 ## - PUBLICATION, DISTRIBUTION, ETC.
Place of publication, distribution, etc. New York,
Name of publisher, distributor, etc. Masses & mainstream
Date of publication, distribution, etc. 1955.
300 ## - PHYSICAL DESCRIPTION
Extent (e.g. Volumes, Pages etc.) 102 p.
650 #0 - SUBJECT ADDED ENTRY--TOPICAL TERM
Topical term or geographic name entry element Abolitionists.
650 #0 - SUBJECT ADDED ENTRY--TOPICAL TERM
Topical term or geographic name entry element Women
942 ## - Koha item type (Biblio)
Koha item type Books in Stacks (Lending)
Holdings
Lost status Damaged status Collection code Home library Current library Date acquired Full call number Accession Number Item type
    Lending WERC Library WERC Library 03/25/2024 324.6. WOM. 936 Books in Stacks (Lending)

© WERC Library